书目信息 |
| 题名: |
新大学化学
|
|
| 作者: | 周伟红 , 曲保中 主编 | |
| 分册: | ||
| 出版信息: | 北京 科学出版社 2018 |
|
| 页数: | 12,353页 | |
| 开本: | 26cm | |
| 丛书名: | ||
| 单 册: | ||
| 中图分类: | O6 | |
| 科图分类: | ||
| 主题词: | 化学--高等学校--教材 | |
| 电子资源: | ||
| ISBN: | 978-7-03-058577-6 | |
| 000 | 01095nam0 2200277 450 | |
| 001 | 012001001363 | |
| 005 | 20191122090136.67 | |
| 010 | @a978-7-03-058577-6@dCNY58.00 | |
| 100 | @a20181114d2018 em y0chiy50 ea | |
| 101 | 0 | @achi |
| 102 | @aCN@b110000 | |
| 105 | @ay az 000yy | |
| 106 | @ar | |
| 200 | 1 | @a新大学化学@Axin da xue hua xue@f周伟红,曲保中主编 |
| 205 | @a4版 | |
| 210 | @a北京@c科学出版社@d2018 | |
| 215 | @a12,353页@d26cm | |
| 300 | @a“十二五”普通高等教育本科国家级规划教材 新形态教材 | |
| 320 | @a有书目(第337页) | |
| 330 | @a本书共十二章,包括化学反应基本规律,溶液与离子平衡,氧化还原反应电化学,物质结构基础,金属元素与金属材料,非金属元素与无机非金属材料,有机高分子化合物与高分子材料,化学与能源,化学与环境保护,化学与生命,化学与生活,化学与国防。前四章属于化学原理部分,是本书的基础;后八章是在科学技术和社会生活中既重大又贴近现代社会文明的几个独立专题。 | |
| 606 | 0 | @a化学@x高等学校@j教材 |
| 690 | @aO6@v5 | |
| 701 | 0 | @a周伟红@Azhou wei hong@4主编 |
| 701 | 0 | @a曲保中@Aqu bao zhong@4主编 |
| 801 | 0 | @aCN@b北京卓展@c20191020 |
| 905 | @b1198149-52@dO6@e1023=4@f4 | |
| 新大学化学/周伟红,曲保中主编.-4版.-北京:科学出版社,2018 |
| 12,353页;26cm |
| “十二五”普通高等教育本科国家级规划教材 新形态教材 |
| ISBN 978-7-03-058577-6:CNY58.00 |
| 本书共十二章,包括化学反应基本规律,溶液与离子平衡,氧化还原反应电化学,物质结构基础,金属元素与金属材料,非金属元素与无机非金属材料,有机高分子化合物与高分子材料,化学与能源,化学与环境保护,化学与生命,化学与生活,化学与国防。前四章属于化学原理部分,是本书的基础;后八章是在科学技术和社会生活中既重大又贴近现代社会文明的几个独立专题。 |
| ● |
| 相关链接 |
|
|
|
|
正题名:新大学化学
索取号:O6/1023=4
 
预约/预借
| 序号 | 登录号 | 条形码 | 馆藏地/架位号 | 状态 | 备注 |
| 1 | 1198149 | 211981499 | 第二样本阅览室/ [索取号:O6/1023=4] | 在馆 | |
| 2 | 1198150 | 211981505 | 第三借阅区/ [索取号:O6/1023=4] | 在馆 | |
| 3 | 1198151 | 211981514 | 第三借阅区/ [索取号:O6/1023=4] | 在馆 | |
| 4 | 1198152 | 211981523 | 第三借阅区/ [索取号:O6/1023=4] | 在馆 |